000 00386nam a2200157Ia 4500
008 230711s9999||||xx |||||||||||||| ||und||
020 _a81-261-2092-4
041 _aENG
082 _a630
100 _aRamachandran, K.S.
245 0 _aCorporatisation in Agriculture
260 _c2004
_aNew Delhi
_bAnmol Publication(P) Ltd.
300 _a226p.
650 _aAgriculture
942 _cBK
999 _c7537
_d7537